000 00421nam a2200181Ia 4500
005 20240603031040.0
008 240331s9999 xx 000 0 und d
020 _a955126620x
082 _bFER
_a3451st
100 _aFernando R.
245 2 _aA muder in Ceylon
250 _a1st
260 _aColombo
_bVijitha Yapa Publications
_c2006
300 _a480 p.,
650 _aLaw
650 _aHuman Rights
942 _cL
999 _c1427
_d1427